| 000 -LEADER |
| fixed length control field |
00249nam a22000977a 4500 |
| 082 ## - DEWEY DECIMAL CLASSIFICATION NUMBER |
| Classification number |
TNC |
| 100 ## - MAIN ENTRY--PERSONAL NAME |
| Personal name |
Thara, L. (ed.) |
| 9 (RLIN) |
23516 |
| 245 ## - TITLE STATEMENT |
| Title |
Ageing : |
| Remainder of title |
Indian perspective |
| Statement of responsibility, etc |
edited by L. Thara |
| 260 ## - PUBLICATION, DISTRIBUTION, ETC. (IMPRINT) |
| Place of publication, distribution, etc |
New Delhi |
| Name of publisher, distributor, etc |
Decent Books |
| Date of publication, distribution, etc |
2002 |
| 300 ## - PHYSICAL DESCRIPTION |
| Extent |
350p. |